Microsoft Visual Basic 2008 : step by step

Bibliographic Details
Main Author: Halvorson, Michael
Format: Book
Published: Washington : Microsoft Press , 2008
Subjects:

MARC

LEADER 00000cam a2200000 7i4500
001 0000121663
005 20081218.0
020 |a 0735625379 
090 0 0 |a 005.133   |b HAL 
100 1 |a Halvorson, Michael 
245 1 0 |a Microsoft Visual Basic 2008 :   |b step by step   |c Michael Halvorson 
260 |a Washington :   |b Microsoft Press ,   |c 2008 
300 |a 544p. ;   |c 23cm. 
650 0 0 |a BASIC (Computer program language) 
650 0 0 |a Microsoft Visual Basic 
999 |a 00217613   |b BUKU   |c RUJUKAN   |e PERPUSTAKAAN KOMUNITI PETALING JAYA